| 000 | 00704nam a2200229Ia 4500 | ||
|---|---|---|---|
| 003 | GCL | ||
| 008 | 140319s9999 xx 000 0 ara d | ||
| 020 | _a5052805977 | ||
| 040 |
_aGCL / _cGCL |
||
| 082 | 0 | 4 |
_a668.55 _bم ا |
| 100 | 1 | _aميلاد جندى | |
| 245 | 1 | 0 |
_aادوات التواليت ومستحضرات التجميل والمكياج / _cميلاد جندى |
| 260 |
_aالقاهرة : _bمكتبة الانجلوالمصرية ، _c1987 |
||
| 300 |
_a448 ص ؛ _c24 سم |
||
| 650 | 0 | 4 | _aالمرأة |
| 650 | 0 | 4 | _aالجمال |
| 650 | 0 | 4 | _aمستحضرات التجميل |
| 650 | 0 | 4 | _aالازياء |
| 650 | 0 | 4 | _aالمكياج |
| 650 | 0 | 4 | _aتجميل |
| 942 |
_2ddc _cBK |
||
| 999 |
_c33426 _d33426 |
||